Bilecik Bilecik Bilecik Bilecik Bilecik

The Muqaddimah=an introduction to history/ (Record no. 74232)

MARC details
000 -BAŞLIK
Sabit Uzunluktaki Kontrol Alanı 01152nam a22003497a 4500
001 - KONTROL NUMARASI
Control Dosyası 0073478
003 - KONTROL NUMARASI KİMLİĞİ
Kontrol Alanı KOHA_MİRAKIL
005 - EN SON İŞLEM TARİHİ ve ZAMANI
Kontrol Alanı 20260207005140.0
007 - FİZİKSEL TANIM SABİT ALAN - GENEL BİLGİ
Sabit uzunluklu kontrol alanı ta
008 - SABİT UZUNLUKTAKİ VERİ ÖGELERİ - GENEL BİLGİ
Sabit Alan 250319b1978 tu |||gr||||#0|||0|tur |
020 ## - ISBN - ULUSLARARASI STANDART KİTAP NUMARASI
Isbn 071008904X
040 ## - KATALOGLAMA KAYNAĞI
Özgün Kataloglama Kurumu TR-BiSEU
Kataloglama Dili tur
Çeviri Kurumu TR-BiSEU
Açıklama Kuralları rda
041 0# - DİL KODU
Metin ya da ses kaydının dil kodu tur
044 ## - YAYINLAYAN/ÜRETEN KURULUŞUN ÜLKE KODU
ISO country code tu
050 ## - SINIFLAMA ve YER NUMARASI
Sınıflama Numarası D16.7
Yer Numarası .I26 1978
100 0# - KİŞİ ADI
Yazar Adı (Kişi adı) Ibn Khaldûn.
245 14 - ESER ADI BİLDİRİMİ
Başlık The Muqaddimah=an introduction to history/
Sorumluluk Bildirimi Ibn Khaldûn ; Ibn Khaldûn; translated by Franz Rosenthal; edited by N.J.Dawood.
264 #1 - ÜRERİM, YAYIN, DAĞITIM ve TELİF BİLDİRİMİ
Yayın yeri London :
Yayınlayan Routledge and Kegan Paul
Yayın tarihi 1978
300 ## - FİZİKSEL TANIMLAMA
Sayfa, Cilt vb. 465 pages; 21 cm.
336 ## - İÇERİK TÜRÜ
Content type term metin
Content type code txt
Source rdacontent
337 ## - MEDYA TÜRÜ
Media type term aracısız
Media type code n
Source rdamedia
338 ## - TAŞIYICI TÜRÜ
Carrier type term cilt
Carrier type code nc
Source rdacarrier
500 ## - GENEL NOT
Genel Not Includes index.
650 #0 - KONU BAŞLIĞI EK GİRİŞ - KONU TERİMİ
Konusal terim veya coğrafi ad Tarih--Felsefe--1800 den önceki çalışmalar.
9 (RLIN) 148023
650 #0 - KONU BAŞLIĞI EK GİRİŞ - KONU TERİMİ
Konusal terim veya coğrafi ad Medeniyet--1800 den önceki çalışmalar.
9 (RLIN) 148024
650 #0 - KONU BAŞLIĞI EK GİRİŞ - KONU TERİMİ
Konusal terim veya coğrafi ad Sosyoloji--Tarih.
9 (RLIN) 90027
650 #0 - KONU BAŞLIĞI EK GİRİŞ - KONU TERİMİ
Konusal terim veya coğrafi ad History--Philosophy--Works before 1800.
9 (RLIN) 148025
650 #0 - KONU BAŞLIĞI EK GİRİŞ - KONU TERİMİ
Konusal terim veya coğrafi ad Civilization--Works before 1800.
9 (RLIN) 148026
650 #0 - KONU BAŞLIĞI EK GİRİŞ - KONU TERİMİ
Konusal terim veya coğrafi ad Sociology--History.
9 (RLIN) 23639
907 ## - LOCAL DATA ELEMENT G, LDG (RLIN)
a Tarih
942 ## - EK GİRİŞ ÖGELERİ (KOHA)
Source of classification or shelving scheme Library of Congress Classification
Koha item type Book
Holdings
Materyal Türü Kalıcı Konum Mevcut Konum Raf Yeri Sınıflandırma Kaynağı Edinim Bilgisi Ana Konular Alt Konular Yer Numarası Demirbaş Numarası Fatura Tarihi Geri Çekilme Durumu Kayıp Durumu Hasarlı Durumu Kredi için değil Kayıt Tarih Toplam Ödünçverme Son Görülme Tarihi Son Kontrol Tarihi Genel / Bağış Notu
Book Prof. Dr. Azmi Özcan Kütüphanesi Prof. Dr. Azmi Özcan Kütüphanesi Uluğbey Salonu Library of Congress Classification Bağış DÜNYA TARİHİ (AVRUPA, ASYA, AFRİKA VB.) Tarih (Genel) D16.7 .I26 1978 0073478 02/02/2026         19/03/2025   13/08/2025 13/08/2025 Christopher FERRARD, Akademisyen